Представление документа в формате RUSMARC

ПолеНазваниеЗначение
  Тип записи a
  Библиографический уровень m
001 Контрольный номер RU/SLIB/B/208714785
005 Дата корректировки 20201206203923.9
010 Индекс ISBN __
d Цена 0-80
101 Язык документа __
a Язык текста rus
200 Заглавие и сведения об ответственности 1_
a Заглавие Основы электротехники и электротехнические устройства радиоэлектронной аппаратуры
e Сведения, относящиеся к заглавию учеб. пособие
f Первые сведения об ответственности Веселовский О. Н., Браславский Л. М.
b Общее обозначение материала Текст
210 Выходные данные __
a Место издания М.
c Издательство Высш. шк.
d Дата издания 1977
215 Физическое описание __
a Объем 312 с.
c Иллюстрации/тип воспроизводства ил.
606 Тематические рубрики __
a Основная рубрика Энергетика
606 Тематические рубрики __
a Основная рубрика Теоретические основы электротехники
606 Тематические рубрики __
a Основная рубрика Радиоэлектроника
606 Тематические рубрики __
a Основная рубрика Радиоаппаратура
610 Ключевые слова __
a Ключевые слова радиоэлектронная аппаратура; электрические машины; электротехнические устройства
686 Индексы других классификаций __
a Классификационный индекс 31.21я73
686 Индексы других классификаций __
a Классификационный индекс 32.844я73
700 Автор _1
a Фамилия Веселовский
b Имя О. Н.
4 Код отношения 070
702 Вторичная интеллектуальная ответственность _1
a Фамилия Браславский
b Имя Л. М.
4 Код отношения Автор
801 Источник записи _0
a Страна RU
b Организация Муниципальное бюджетное учреждение культуры "Централизованная библиотечная система" г. Сургут (Центральная городская библиотека им. А. С. Пушкина)
g Правила каталогизации К/Кундохова
801 Источник записи _1
a Страна RU
b Организация Муниципальное бюджетное учреждение культуры "Централизованная библиотечная система" г. Сургут (Центральная городская библиотека им. А. С. Пушкина)
g Правила каталогизации К/Кундохова
852 Данные о местонахождении __
j Шифр хранения 31.21я73
c Каталожный индекс 31.21я73; 32.844я73
i Авторский знак В 38
p Инвентарный номер 104507(с)
901 Тип документа __
t Тип документа m
969 Тип издания __
a Тип издания учебное пособие
990 Данные о заказе (DOS) __
j Количество экземпляров (DOS) 1